00408 2200157 4500001002100000008004100021035002000062245004200082100001600124260003200140300002200172020002200194084001400216082000800230990001200238INLIS000000000002794 IND  a0010-0925000141 aSepucuk Surat Ayah BundacAster Putih aAster Putih aJakartabRumah Oranyec2014 a204c(13 x 19 cm) a978-602-1588-39-0 a813 AST s a813 a0755016